[Event "15th Vandoeuvre Open 2019"]
[Site "Vandoeuvre-les-Nancy"]
[Date "2019.01.06"]
[Round "9"]
[White "Guilleux, Fabien"]
[Black "Kosten, Anthony C."]
[Result "1-0"]
[WhiteElo "2418"]
[BlackElo "2425"]
[Annotator "TA"]
[PlyCount "97"]
[EventDate "2019.01.02"]
[EventType "swiss"]
[EventCountry "FRA"]
[SourceTitle "playchess.com"]
[Source "ChessBase"]
[SourceQuality "1"]

{[%evp 18,97,11,11,11,11,11,0,20,18,14,-24,-10,-33,-14,-29,-35,-22,13,13,28,0,0,0,0,0,0,-7,0,0,6,6,10,11,11,14,28,26,39,44,54,35,67,78,81,9,9,-8,28,0,0,0,62,53,112,112,120,135,123,123,131,50,70,56,43,0,0,0,0,0,0,0,55,72,29979,29981,29979,29975,29971,29971,29981,29982]} 1. d4 Nf6 2. c4 e6 3. Nf3 Bb4+ 4. Nbd2 b6 5. g3 Bb7 6. Bg2 O-O 7. O-O d5 8. a3 Be7 {E16: Queen's Indian: 4 g3 Bb7 5 Bg2 Bb4+} 9. b4 a5 (9... c5 10. bxc5 bxc5 11. Rb1 Qc8 12. Bb2 Nbd7 13. dxc5 Nxc5 14. Qc2 Nfe4 15. Rfc1 f6 16. cxd5 Bxd5 {0-1 (41) Rodshtein,M (2695)-Fedoseev,V (2731) Tbilisi 2017}) 10. b5 {LiveBook: 8 Games} a4 {The position is equal.} 11. Qc2 $146 ({Predecessor:} 11. Ne5 c6 12. bxc6 Nxc6 13. Bb2 Nxe5 14. dxe5 Ne8 15. Qb1 Nc7 16. Rd1 {½-½ (33) Gledura,B (2600)-Sadzikowski,D (2590) Germany 2017}) 11... c6 12. cxd5 cxd5 13. Ne5 Nbd7 14. f4 Nxe5 15. fxe5 Ne8 {[%cal Bf6e8,Be8c7,Bc7a6][%mdl 32]} 16. Nf3 Nc7 17. Rb1 Ra5 18. Bd2 Rxb5 19. Rbc1 Na6 20. Qxa4 Rb2 21. Rb1 b5 22. Qd1 Rxb1 $1 23. Qxb1 Qb6 24. Qb2 Rc8 25. Rb1 Bc6 26. e3 Be8 27. Bf1 Rb8 28. Ne1 f6 29. Nd3 Bg6 30. exf6 Bxf6 31. a4 ({White should try} 31. Rc1 $16) 31... b4 $1 $11 32. a5 Qb7 33. Rc1 b3 34. Rc3 Bxd3 (34... Be7 $1 $11) 35. Bxd3 $14 e5 (35... Nc7 $14) 36. Bxa6 $1 $16 {[%mdl 64] Overworked Piece} Qxa6 37. Rxb3 Rf8 38. Rb8 exd4 39. Rxf8+ (39. Qb6 $16 Qxb6 40. Rxf8+ (40. Rxb6 Bg5 $11) 40... Kxf8 41. axb6) 39... Kxf8 $14 40. exd4 Qd3 41. Qb4+ Kf7 42. Be1 {Strongly threatening Bf2.} Bxd4+ 43. Bf2 Bxf2+ 44. Kxf2 $11 {KQ-KQ} d4 ({Black should play} 44... Ke6 $11) 45. Qb7+ $14 Kg6 $2 {[%mdl 8192] [#]} (45... Ke6 $16) 46. Qc6+ $1 {White mates.} Kg5 47. Qd5+ Kh6 {[#]} 48. Qd6+ $1 g6 49. Qf8+ {Accuracy: White = 62%, Black = 37%.} 1-0

[Event "15th Vandoeuvre Open 2019"]
[Site "Vandoeuvre-les-Nancy"]
[Date "2019.01.06"]
[Round "9"]
[White "Philippe, Guillaume"]
[Black "Ma, Qun"]
[Result "*"]
[WhiteElo "2355"]
[BlackElo "2625"]
[Annotator "TA"]
[PlyCount "110"]
[EventDate "2019.01.02"]
[EventType "swiss"]
[EventCountry "FRA"]
[SourceTitle "playchess.com"]
[Source "ChessBase"]
[SourceQuality "1"]

{[%evp 10,109,18,-20,-2,-17,-9,-30,0,0,2,-27,0,0,0,-20,5,9,4,-10,25,21,26,26,29,29,25,14,35,22,17,2,48,49,45,47,46,43,87,39,87,87,114,114,119,112,112,104,87,87,79,79,79,-50,-56,-119,-122,-120,-8,-45,-51,-47,-69,-604,0,0,0,0,0,-720,-692,-1054,-1051,-1017,-917,-29975,-29976,-2947,-2237,-29978,-29979,-29979,-29980,-29979,-29980,-29984,-29985,-29985,-29986,-29980,-6504,-29985,-29986,-29986,-29987,-29987,-29988,-29999,-29998,-29998,-29999,-29999]} 1. b3 e5 2. Bb2 Nc6 3. e3 g6 4. Nf3 Bg7 5. c4 Nge7 (5... d6 6. d4 exd4 7. Nxd4 Nxd4 8. Bxd4 Nf6 9. Be2 O-O 10. O-O Re8 11. Bf3 c6 {1-0 (55) Fedoseev,V (2707)-Vitiugov,N (2730) Satka 2018}) 6. d3 {LiveBook: 3 Games. A01: Nimzowitsch-Larsen Opening} O-O 7. a3 d6 8. Qc2 {The position is equal.} h6 $146 ({Predecessor:} 8... f5 9. Be2 h6 10. Nc3 Be6 11. Rd1 Qe8 12. O-O g5 {1-0 (84) Kornrumpf,J (2076)-Schiffer,S (2237) Berlin 2016}) 9. Be2 g5 10. b4 Ng6 11. Nc3 f5 12. O-O-O a5 13. b5 Nce7 14. d4 e4 (14... g4 $5 {[%cal Rg4f3]} 15. Ne1 f4 $15) 15. Nd2 c6 16. g3 d5 17. h4 g4 18. h5 Nh8 19. a4 Nf7 20. Ba3 Nd6 21. Bxd6 Qxd6 22. c5 $36 {[%mdl 2048] White fights for an advantage.} Qd8 23. b6 Kh7 24. Nb3 Ng8 {[%cal Be7g8,Bg8f6,Bf6d7,Bd7b6,Bb6a4][%mdl 32]} 25. Bf1 $1 Nf6 26. Ne2 $1 Be6 27. Nf4 Bf7 28. Qc3 Nd7 29. Rd2 Qe7 30. Rc2 Rfc8 31. Nxa5 (31. Qd2 $16) 31... Nxb6 $1 $15 32. Qb4 {[#]} (32. Ra2 $15) 32... Nxa4 $1 $17 {[%mdl 512] Hoping for ...b6!} 33. Qxb7 (33. Qxa4 Qc7 $15) 33... Qe8 (33... Qc7 $1 $17 {[%cal Rc7a5]} 34. Ba6 Qxa5 35. Qxf7 Qxa6 36. Qxf5+ (36. Ne6 $2 Ra7 $19) 36... Kg8 37. Qxg4 Nxc5 $1 {[%mdl 512]} 38. dxc5 Qa1+ 39. Kd2 Qxh1) 34. Nxc6 {[%mdl 64] Remove Defender} Rxc6 35. Bb5 {[#]} Nxc5 $1 {[%mdl 512]} 36. dxc5 $4 {[%mdl 8192] [#]} (36. Qxc6 $15 Nb3+ 37. Kd1 (37. Kb1 $2 Ra1+ 38. Kb2 Nxd4 $19) 37... Ra1+ 38. Ke2 Qxc6 39. Bxc6 Rxh1 40. Bxd5 Bxd5 41. Nxd5) (36. Rxc5 Rxc5+) 36... Ra1+ $2 (36... Qd8 $1 $19 {[%mdl 512]} 37. Rd1 Rc7) 37. Kd2 $11 Rxh1 38. Bxc6 Qd8 $1 {[%cal Rd8a5]} 39. Qb6 $2 {[%mdl 8192]} (39. Qa8 $11 Qc7 40. Bxd5) 39... Qf6 $19 {( -> ...Qa1)} 40. Ne2 Qa1 {[%csl Gh1][%cal Ra1e1]} 41. Nc1 Rf1 {And now ...f4 would win.} 42. Qb4 Rxf2+ 43. Kd1 Rf1+ 44. Kd2 d4 45. exd4 {[#]} e3+ $1 {[%mdl 576] Deflection} 46. Kxe3 Rxc1 47. Rxc1 Qxc1+ 48. Kd3 Qd1+ 49. Ke3 Qg1+ (49... Bf6 $142 50. Bg2 Bg5+ 51. Kf2 Qc2+ 52. Ke1 Qxg2 53. Qc3 Qe4+ 54. Kd1 Qh1+ 55. Ke2 Qg2+ 56. Ke1 Qe4+ 57. Kd1 Qh1+ 58. Ke2 Qg2+ 59. Ke1) 50. Kd2 Bxd4 {Black mates.} 51. Bd7 Qe3+ 52. Kc2 Qe2+ 53. Kb1 Ba2+ 54. Kc1 Be3+ 55. Qd2 Qxd2# {Accuracy: White = 44%, Black = 62%.} *

[Event "15th Vandoeuvre Open 2019"]
[Site "Vandoeuvre-les-Nancy"]
[Date "2019.01.06"]
[Round "9"]
[White "Leriche, Ines"]
[Black "Francois, Gwladys"]
[Result "1/2-1/2"]
[WhiteElo "1917"]
[BlackElo "1834"]
[Annotator "NA"]
[PlyCount "85"]
[EventDate "2019.01.02"]
[EventType "swiss"]
[EventCountry "FRA"]
[SourceTitle "playchess.com"]
[Source "ChessBase"]
[SourceQuality "1"]
[TimeControl "5400+30"]

1. d4 {[%emt 0:00:00]} Nf6 {[%emt 0:00:12]} 2. c4 {[%emt 0:00:00]} e6 {[%emt 0:01:15]} 3. Nc3 {[%emt 0:00:08]} Bb4 {[%emt 0:01:16]} 4. e3 {[%emt 0:00:20]} c5 {[%emt 0:02:07]} 5. Nge2 {[%emt 1:32:02]} Ne4 {[%emt 1:27:40]} 6. a3 {[%emt 0:00:30]} Qf6 {[%emt 0:00:30]} 7. f3 {[%emt 0:00:30]} Nxc3 {[%emt 0:00:30]} 8. Nxc3 {[%emt 0:00:00]} Bxc3+ {[%emt 0:00:00]} 9. bxc3 {[%emt 0:00:00]} O-O {[%emt 0:00:00]} 10. Qc2 {[%emt 0:01:30]} d6 {[%emt 0:01:30]} 11. Bd3 {[%emt 0:00:30]} h6 {[%emt 0:00:00]} 12. O-O {[%emt 0:00:00]} Nc6 {[%emt 0:00:00]} 13. Bd2 {[%emt 0:00:00]} Qe7 {[%emt 0:00:00]} 14. f4 {[%emt 0:00:00]} f5 {[%emt 0:00:00]} 15. d5 {[%emt 0:00:00]} Na5 {[%emt 0:00:00]} 16. Rae1 {[%emt 0:00:00]} Qf7 {[%emt 0:00:00]} 17. e4 {[%emt 0:03:00]} b6 {[%emt 0:00:00]} 18. Rf3 {[%emt 0:00:30]} exd5 {[%emt 0:04:00]} 19. exd5 {[%emt 0:00:00]} Ba6 {[%emt 0:00:00]} 20. Rfe3 {[%emt 0:00:00]} Bxc4 {[%emt 0:00:00]} 21. Bxc4 {[%emt 0:00:00]} Nxc4 {[%emt 0:00:00]} 22. Re6 {[%emt 0:02:00]} Rfe8 {[%emt 0:00:00]} 23. Bc1 {[%emt 0:00:00]} Rxe6 {[%emt 0:00:00]} 24. dxe6 {[%emt 0:00:00]} Qf6 {[%emt 0:00:00]} 25. Qd3 {[%emt 0:00:00]} b5 {[%emt 0:00:00]} 26. Qd5 {[%emt 0:00:36]} Re8 {[%emt 0:00:00]} 27. a4 {[%emt 0:00:15]} Qxc3 {[%emt 0:00:00]} 28. e7+ {[%emt 0:01:31]} Kh8 {[%emt 0:00:00]} 29. Qe6 {[%emt 0:00:36]} Nb6 {[%emt 0:00:00]} 30. Bb2 {[%emt 0:00:30]} Qxb2 {[%emt 0:00:00]} 31. Qf7 {[%emt 0:00:07]} Qd4+ {[%emt 0:00:00]} 32. Kh1 {[%emt 0:00:20]} Rxe7 {[%emt 0:00:00]} 33. Qxe7 {[%emt 0:00:02]} Qxf4 {[%emt 0:00:00]} 34. axb5 {[%emt 0:00:39]} Qf2 {[%emt 0:00:00]} 35. h3 {[%emt 0:00:14]} Nd5 {[%emt 0:00:00]} 36. Qf8+ {[%emt 0:01:33]} Kh7 {[%emt 0:00:00]} 37. Re8 {[%emt 0:00:34]} Qf1+ {[%emt 0:00:00]} 38. Kh2 {[%emt 0:00:01]} Qf4+ {[%emt 0:00:00]} 39. Kh1 {[%emt 0:00:36]} Qf1+ {[%emt 0:03:02]} 40. Kh2 {[%emt 0:00:11]} Qf4+ {[%emt 0:00:08]} 41. Kh1 {[%emt 0:00:05]} Qf1+ {[%emt 0:00:06]} 42. Kh2 {[%emt 0:00:13]} Qf2 {[%emt 0:08:44]} 43. Qg8+ {[%emt 0:02:27] Nf4} 1/2-1/2

[Event "15th Vandoeuvre Open 2019"]
[Site "Vandoeuvre-les-Nancy"]
[Date "2019.01.06"]
[Round "9"]
[White "Venard, Gautier"]
[Black "Leccia, Antoine"]
[Result "1-0"]
[WhiteElo "1897"]
[BlackElo "1696"]
[Annotator "NA"]
[PlyCount "65"]
[EventDate "2019.01.02"]
[EventType "swiss"]
[EventCountry "FRA"]
[SourceTitle "playchess.com"]
[Source "ChessBase"]
[SourceQuality "1"]
[TimeControl "5400+30"]

1. c4 {[%emt 0:00:41]} e6 {[%emt 0:00:23]} 2. d4 {[%emt 0:01:17]} b6 {[%emt 0:01:16]} 3. g3 {[%emt 0:04:52]} Bb7 {[%emt 0:02:08]} 4. Nf3 {[%emt 0:00:09]} Bb4+ {[%emt 0:01:55]} 5. Bd2 {[%emt 0:02:27]} Bxf3 {[%emt 0:01:41]} 6. exf3 {[%emt 0:00:48]} Bxd2+ {[%emt 0:01:00]} 7. Qxd2 {[%emt 0:03:30]} d5 {[%emt 0:01:06]} 8. cxd5 {[%emt 0:13:07]} exd5 {[%emt 0:06:35]} 9. Bg2 {[%emt 0:00:52]} Ne7 {[%emt 0:02:07]} 10. O-O {[%emt 0:00:11]} O-O {[%emt 0:01:14]} 11. Nc3 {[%emt 0:02:50]} Nd7 {[%emt 0:05:14]} 12. Rac1 {[%emt 1:05:16]} Rc8 {[%emt 1:11:21]} 13. b4 {[%emt 0:00:30]} c6 {[%emt 0:00:00]} 14. a4 {[%emt 0:00:00]} Nf6 {[%emt 0:00:00]} 15. f4 {[%emt 0:01:00]} Qd6 {[%emt 0:00:00]} 16. b5 {[%emt 0:00:30]} c5 {[%emt 0:02:00]} 17. dxc5 {[%emt 0:00:00]} bxc5 {[%emt 0:00:30]} 18. Ne4 {[%emt 0:01:00]} Nxe4 {[%emt 0:00:00]} 19. Bxe4 {[%emt 0:00:00]} Rfd8 {[%emt 0:00:00]} 20. Rfd1 {[%emt 0:01:00]} d4 {[%emt 0:01:30]} 21. Qa5 {[%emt 0:00:30]} Qb6 {[%emt 0:00:00]} 22. Qxb6 {[%emt 0:00:00]} axb6 {[%emt 0:00:00]} 23. a5 {[%emt 0:01:00]} Nd5 {[%emt 0:00:00]} 24. Bxd5 {[%emt 0:00:00]} Rxd5 {[%emt 0:00:00]} 25. a6 {[%emt 0:01:00]} Rd7 {[%emt 0:00:00]} 26. f5 {[%emt 0:00:00]} Kf8 {[%emt 0:00:00]} 27. Kg2 {[%emt 0:01:00]} Ke7 {[%emt 0:00:00]} 28. Kf3 {[%emt 0:00:00]} Kd6 {[%emt 0:04:00]} 29. Rxd4+ {[%emt 0:01:00]} cxd4 {[%emt 0:00:00]} 30. Rxc8 {[%emt 0:00:00]} Kd5 {[%emt 0:00:00]} 31. Ke2 {[%emt 0:01:00]} f6 {[%emt 0:00:00]} 32. Kd3 {[%emt 0:00:30]} Ke5 {[%emt 0:02:00]} 33. Rc6 {[%emt 0:00:00]} 1-0

[Event "15th Vandoeuvre Open 2019"]
[Site "Vandoeuvre-les-Nancy"]
[Date "2019.01.06"]
[Round "9"]
[White "Godde, Matthias"]
[Black "Battistella, Valentin"]
[Result "0-1"]
[WhiteElo "1881"]
[BlackElo "1882"]
[Annotator "NA"]
[PlyCount "56"]
[EventDate "2019.01.02"]
[EventType "swiss"]
[EventCountry "FRA"]
[SourceTitle "playchess.com"]
[Source "ChessBase"]
[SourceQuality "1"]
[TimeControl "5400+30"]

1. d4 {[%emt 0:00:00]} Nf6 {[%emt 0:00:00]} 2. Nf3 {[%emt 0:00:00]} e6 {[%emt 0:00:18]} 3. e3 {[%emt 0:00:08]} d5 {[%emt 0:03:04]} 4. Bd3 {[%emt 0:00:06]} Bd6 {[%emt 0:00:16]} 5. O-O {[%emt 0:00:15]} Nbd7 {[%emt 0:00:13]} 6. Nbd2 {[%emt 0:03:04]} b6 {[%emt 0:03:37]} 7. e4 {[%emt 0:03:23]} dxe4 {[%emt 0:00:16]} 8. Nxe4 {[%emt 0:00:17]} Be7 {[%emt 0:02:48]} 9. Re1 {[%emt 0:12:25]} Bb7 {[%emt 0:00:57]} 10. Ng3 {[%emt 0:09:13]} O-O {[%emt 0:01:22]} 11. Qe2 {[%emt 0:08:43]} c5 {[%emt 0:04:06]} 12. Be3 {[%emt 0:04:59]} Qc7 {[%emt 0:09:12]} 13. Rad1 {[%emt 0:53:57]} Rfe8 {[%emt 0:11:49]} 14. c3 {[%emt 0:00:00]} Rad8 {[%emt 0:11:44]} 15. Ng5 {[%emt 0:00:00]} h6 {[%emt 0:04:56]} 16. N5e4 {[%emt 0:00:00]} Nxe4 {[%emt 0:11:18]} 17. Nxe4 {[%emt 0:00:00]} f5 {[%emt 0:03:19]} 18. Ng3 {[%emt 0:00:00]} f4 {[%emt 0:00:36]} 19. Qg4 {[%emt 0:00:00]} fxe3 {[%emt 0:10:14]} 20. Qxe6+ {[%emt 0:00:00]} Kh8 {[%emt 0:01:00]} 21. Rxe3 {[%emt 0:00:00]} Nf8 {[%emt 0:01:45]} 22. Qh3 {[%emt 0:00:00]} Bg5 {[%emt 0:05:03]} 23. Rxe8 {[%emt 0:00:00]} Rxe8 {[%emt 0:00:02]} 24. Bf5 {[%emt 0:05:30]} Qe7 {[%emt 0:14:05]} 25. d5 {[%emt 0:00:30]} g6 {[%emt 0:00:30]} 26. d6 {[%emt 0:00:30]} Qe5 {[%emt 0:00:00]} 27. Bd7 {[%emt 0:00:00]} Rd8 {[%emt 0:00:00]} 28. f4 {[%emt 0:00:00]} Bxf4 {[%emt 0:00:00]} 0-1

[Event "15th Vandoeuvre Open 2019"]
[Site "Vandoeuvre-les-Nancy"]
[Date "2019.01.06"]
[Round "9"]
[White "Paternoster, Thibaud"]
[Black "Rauta, Nicolas"]
[Result "1-0"]
[WhiteElo "1879"]
[BlackElo "1904"]
[Annotator "NA"]
[PlyCount "73"]
[EventDate "2019.01.02"]
[EventType "swiss"]
[EventCountry "FRA"]
[SourceTitle "playchess.com"]
[Source "ChessBase"]
[SourceQuality "1"]
[TimeControl "5400+30"]

1. e4 {[%emt 0:00:00]} c6 {[%emt 0:00:00]} 2. d4 {[%emt 0:05:18]} d5 {[%emt 0:00:13]} 3. exd5 {[%emt 0:00:08]} cxd5 {[%emt 0:00:03]} 4. c4 {[%emt 0:00:07]} dxc4 {[%emt 0:00:06]} 5. Bxc4 {[%emt 0:00:22]} Nf6 {[%emt 0:00:05]} 6. Nf3 {[%emt 0:00:08]} e6 {[%emt 0:00:06]} 7. O-O {[%emt 0:00:38]} Be7 {[%emt 0:00:09]} 8. Nc3 {[%emt 0:00:12]} O-O {[%emt 0:00:14]} 9. a3 {[%emt 0:01:34]} a6 {[%emt 0:00:27]} 10. d5 {[%emt 0:16:25]} Qc7 {[%emt 0:09:17]} 11. Qe2 {[%emt 0:02:38]} b5 {[%emt 0:04:53]} 12. Bb3 {[%emt 0:03:31]} exd5 {[%emt 0:01:39]} 13. Nxd5 {[%emt 0:00:21]} Nxd5 {[%emt 0:00:07]} 14. Bxd5 {[%emt 0:00:04]} Bb7 {[%emt 0:00:09]} 15. Bf4 {[%emt 0:05:22]} Qd7 {[%emt 0:03:42]} 16. Bxb7 {[%emt 0:01:52]} Qxb7 {[%emt 0:00:03]} 17. Rac1 {[%emt 0:00:10]} Nc6 {[%emt 0:09:48]} 18. Rxc6 {[%emt 0:04:21]} Qxc6 {[%emt 0:02:24]} 19. Qxe7 {[%emt 0:00:06]} Rfe8 {[%emt 0:01:44]} 20. Qd6 {[%emt 0:01:27]} Qe4 {[%emt 0:00:47]} 21. Be3 {[%emt 0:01:45]} h6 {[%emt 0:00:53]} 22. Qf4 {[%emt 0:02:46]} Qd5 {[%emt 0:01:09]} 23. Qd4 {[%emt 0:03:45]} Qf5 {[%emt 0:00:44]} 24. h3 {[%emt 0:01:49]} Re6 {[%emt 0:04:07]} 25. Rd1 {[%emt 0:00:29]} Rae8 {[%emt 0:00:28]} 26. Qd5 {[%emt 0:02:06]} Qf6 {[%emt 0:04:22]} 27. Bd4 {[%emt 0:03:28]} Qg6 {[%emt 0:00:50]} 28. Bc3 {[%emt 0:00:10]} Re2 {[%emt 0:12:19]} 29. Rd4 {[%emt 0:07:17]} Qe6 {[%emt 0:06:59]} 30. Qh5 {[%emt 0:08:58]} Re4 {[%emt 0:05:01]} 31. Qd5 {[%emt 0:07:02]} Re2 {[%emt 0:08:34]} 32. Qxe6 {[%emt 0:00:39]} R2xe6 {[%emt 0:00:10]} 33. Rd5 {[%emt 0:00:33]} g6 {[%emt 0:01:24]} 34. Nd4 {[%emt 0:00:25]} Rb6 {[%emt 0:01:04]} 35. g3 {[%emt 0:01:46]} h5 {[%emt 0:02:14]} 36. Ba5 {[%emt 0:00:12]} Rf6 {[%emt 0:01:06]} 37. Bd8 {[%emt 0:00:08]} 1-0